01206nam a22002297a 4500003000400000005001700004008004100021040002200062082001500084100003300099245012600132260006900258300001900327490002000346505001400366505004400380505025200424505016000676650004100836650005200877650004700929OSt20230824095046.0221006b |||||||| |||| 00| 0 eng d cBiblioteca Lado V a707bG633c aGómez, Pedro Pabloeeditor aCalle14 | Revista de investigación en el campo del arte/bLa cuestión estética y la(s) estética(s) en cuestión/ bColombiaaUniversidad Distrital Francisco José de Caldasc2011 c23x30cma160p. a7v5x2011-3757 tEDITORIAL aDE VÍRGULA A BRAGUETAtAUTOR INVITADO aLA IDEA DE LO TREMENDO FORMAS DE PRODUCCIÓN DEL DESEO EN LA EDUCACIÓN MUSICAL UNIVERSITARIA DE LA GENEALOGÍA DEL ARTE "TERAPIA" A LA PREGUNTA FILOSÓFICA POSTALES AUDIOVISUALES DEL MITO CREACIONISMO AL MITO FUTURISTAtSECCIÓN CENTRAL a"NEOPTIKS" XX SALÓN DE ARTISTAS NACIONALES VS. SALÓN NACIONAL 1969 EL MUSEO COMO REPRESENTACIÓN DE LOS CONFLICTOS CULTURALEStSECCIÓN TRANSVERSAL 2Tesauro de Arte & ArquitecturaaARTE 2Tesauro de Arte & ArquitecturaaINVESTIGACIÓN 2Tesauro de Arte & ArquitecturaaESTÉTICA